Team Logo - America East Conference - Statistics

General Stats
  • This quiz has been taken 37 times
  • The average score is 7 of 9
Answer Stats
Picture Answer % Correct
Vermont Catamounts
96%
Maine Black Bears
78%
Albany Great Danes
74%
Binghamton Bearcats
74%
UMBC Retrievers
74%
Bryant Bulldogs
70%
New Hampshire Wildcats
70%
NJIT Highlanders
61%
UMass Lowell River Hawks
61%
No matching quizzes found
Score Distribution
Percent of People with Each Score
Percentile by Number Answered
Your Score History
You have not taken this quiz